000 00673nam a2200205 a 4500
001 000041448
005 20201002034910.0
008 131007s1983 mx a 000 0 spa d
020 _a9682414806
040 _aDO-SdBNP
_bspa
_cBNPHU
082 _axxxx
_bxxxx
100 1 _aTorre, Francisco, de la
_968117
245 1 0 _aAdministración hotelera :
_bsegundo curso : alimentos y bebidas /
_cFrancisco de la Torre.
260 _aMéxico :
_bTrillas,
_c1983.
300 _a243 p. :
_bil., retrs. ;
_c25 cm.
490 1 _aTrillas turismo
500 _aLa biblioteca posee el primera reimpresión del 1984
590 _aInventariado, 2019 /LP
830 0 _aTrillas turismo
_968118
999 _c40938
_d40938